| 000 | 01085nam a22003497a 4500 | ||
|---|---|---|---|
| 003 | CHAP | ||
| 005 | 20220817042449.0 | ||
| 008 | 971013s1974 r 00010 d | ||
| 010 | _a45531 | ||
| 011 | _a46503 | ||
| 035 | _a50644 | ||
| 040 | _cCHAP | ||
| 090 | _aFolleto 3758 | ||
| 110 | _aFAO | ||
| 245 | _aPolítica forestal | ||
| 260 |
_aRoma : _bFAO, _c1974 |
||
| 300 | _a12 p. | ||
| 490 | _aFO:TLA/75/8 | ||
| 590 |
_aBATCH-UPD _b10 _c20130110 _lUCH01 _h0105 |
||
| 590 |
_aBATCH-UPD _b10 _c20130110 _lUCH01 _h1901 |
||
| 590 |
_aBATCH-UPD _b10 _c20130409 _lUCH01 _h2056 |
||
| 590 |
_aBATCH-UPD _b10 _c20130410 _lUCH01 _h1229 |
||
| 590 |
_aBATCH-UPD _b10 _c20130914 _lUCH01 _h1559 |
||
| 590 |
_aCONVERSION _b10 _c20130109 _lUCH01 _h1325 |
||
| 650 | 1 | 4 |
_aPolítica forestal. _990563 |
| 700 | 0 |
_aFrisk, Torsten. _943488 |
|
| 711 | 0 |
_aSeminario FAO-SIDA sobre el Transporte de la Madera en Países de América Latina ( _d1975 : _cOaxtepec, Mor.) _9104108 |
|
| 830 | 0 |
_aFO:TLA/75/8 _941931 |
|
| 901 | _aBK | ||
| 942 | _cFOLL | ||
| 949 |
_aFolleto 3758 _bBC _cFAO _d-113739 _eFAO1 _i50644 _mD _si |
||
| 999 |
_c45531 _d45531 |
||